000 01231nam a22002897a 4500
001 6374
003 FISKH
005 20250425090906.0
008 250425b cb ||||| |||| 00| 0 eng d
020 _a9780590251624
040 _aFISKH
_beng
_cFISKH
_dFISKH
050 _aPZ7.M3567585
082 _a813.54
100 _aM.Martin, Ann
_d(1955–)
245 _aThe baby sitters club :
_bClaudia and mean Janine /
_cAnn M. Martin
250 _aThis edition first published in 1987
260 _aNew York :
_bScholastic,
_c1987
300 _a145 pages :
_c20 cm
505 _aP
520 _a"Claudia's sister, Janine, is too busy being smart to be nice to anyone--even their grandmother, Mimi. But Claudia doesn't have to see Janine too much this summer, since the Baby-sitter's Club is starting a new play group. It's going to be so much fun! But then Mimi has a stroke, and the whole summer changes. Now Claudia is 'Mimi-sitting, ' and Janine is no help at all. How can the Kishi sisters get along when Janine is always so mean?"
521 8 _a650
_bLexile
521 8 _aP
_bRaz-Plus
650 _2Fiction
_aRealistic fiction
650 _2Babysitting
_aJuvenile fiction
942 _2ddc
_cBK
_n0
999 _c6374
_d6374